000
00309nam a22001337a 4500
020
_a
978-0672322174
041
_a
ENG
100
_a
Perry.G
245
_a
Sams Teach Yourself Microsoft Windows XP In 24 Hours
260
_a
Delhi
_b
Techmedia
_c
1998
300
_a
434
650
_a
Computer
856
_u
Computer
999
_c
772
_d
772